US States, Are They Touching? - Statistics

General Stats
  • This quiz has been taken 34 times
  • The average score is 6 of 10
Answer Stats
Question Answer % Correct
Oklahoma and Colorado? Yes
80%
Oklahoma and Missouri? Yes
70%
Delaware and New Jersey? Yes
70%
Tennessee and Illinois? No
60%
South Dakota and Iowa? Yes
60%
Iowa and Kansas? No
50%
Pennsylvania and Virginia? No
50%
Georgia and North Carolina? Yes
50%
Kentucky and Arkansas? No
40%
Nebraska and Minnesota? No
40%
No matching quizzes found
Score Distribution
Percent of People with Each Score
Percentile by Number Answered
Your Score History
You have not taken this quiz